000 00397nam a2200181Ia 4500
008 100917s9999 xx 000 0 und d
082 _b6683
100 _aगोखले अरविंद
245 _aशपथ
260 _b---
_c1964
300 _a155
365 _b4
520 _aकथा
630 _aशपथ
650 _aकथा
730 _aशपथ
942 _cBOOK
999 _c612077
_d612074